[Event "26th EUR-ch"]
[Site "Katowice POL"]
[Date "2026.04.19"]
[Round "11.164"]
[White "Iordache, Alexia-Andreea"]
[Black "Wasiluk, Mateusz"]
[Result "1-0"]
[WhiteElo "2181"]
[BlackElo "1934"]
[EventDate "2026.04.07"]
[PlyCount "61"]

1.e4 c5 2.Nf3 d6 3.d4 cxd4 4.Nxd4 Nf6 5.Nc3 a6 6.h3 e5 7.Nb3 Be7 8.g4 h6 
9.Qf3 b5 10.a3 Bb7 11.h4 d5 12.exd5 Nxd5 13.Bd3 Ra7 14.Ne4 Nd7 15.g5 Nf8 
16.gxh6 gxh6 17.Bd2 Ne6 18.O-O-O Ba8 19.Qf5 Qb8 20.Rhe1 Ng7 21.Qg4 Ne6 22.
Qg3 Kf8 23.Rg1 Ndf4 24.Nec5 Ke8 25.Nxe6 Nxe6 26.Bf5 Bd5 27.Bb4 Bxb3 28.
Bxe6 Bxb4 29.Bxb3 Be7 30.Bxf7+ Kxf7 31.Qg6+ 1-0

[Event "26th EUR-ch"]
[Site "Katowice POL"]
[Date "2026.04.19"]
[Round "11.165"]
[White "Tyshniuk, Roman"]
[Black "Obada, Ema"]
[Result "1-0"]
[WhiteElo "1931"]
[BlackElo "2181"]
[EventDate "2026.04.07"]
[PlyCount "95"]

1.d4 Nf6 2.c4 e6 3.Nf3 c5 4.d5 d6 5.Nc3 exd5 6.cxd5 g6 7.Bf4 Bg7 8.h3 O-O 
9.e3 Ne8 10.Be2 Nd7 11.O-O Ne5 12.Bxe5 dxe5 13.e4 f5 14.Nd2 Nd6 15.Qc2 a6 
16.a4 Bd7 17.a5 Rc8 18.Nc4 Nxc4 19.Bxc4 Qh4 20.d6+ Kh8 21.Bd5 Rb8 22.Na4 
Bb5 23.Rfd1 Rfd8 24.Nxc5 Rxd6 25.Bxb7 Qe7 26.Rxd6 Qxd6 27.b4 f4 28.Rd1 Qc7
29.Qd2 Bf8 30.Bxa6 Bxc5 31.Bxb5 Bd4 32.Be2 Qa7 33.Bc4 Qb7 34.b5 Qxe4 35.
Qe2 Qf5 36.b6 Qf6 37.Rxd4 exd4 38.Qe6 Kg7 39.Qd7+ Kh6 40.Qc7 Re8 41.b7 d3 
42.b8=Q Rxb8 43.Qxb8 d2 44.Be2 f3 45.Bxf3 Qxf3 46.gxf3 d1=Q+ 47.Kg2 Qa4 
48.Qb6 1-0

[Event "26th EUR-ch"]
[Site "Katowice POL"]
[Date "2026.04.19"]
[Round "11.166"]
[White "Martirosyan, David"]
[Black "Pyrek, Marcin"]
[Result "1-0"]
[WhiteElo "2281"]
[BlackElo "1854"]
[EventDate "2026.04.07"]
[PlyCount "53"]

1.d4 Nf6 2.c4 g6 3.Nc3 Bg7 4.e4 d6 5.h3 O-O 6.Be3 e5 7.d5 Nbd7 8.Nf3 Nc5 
9.Nd2 a5 10.g4 Ne8 11.h4 f5 12.g5 f4 13.Bxc5 dxc5 14.Qf3 Nd6 15.Bh3 Bxh3 
16.Rxh3 a4 17.O-O-O Qd7 18.h5 Rfb8 19.Rdh1 Kf7 20.Qd3 b6 21.Nf3 Ra5 22.
hxg6+ hxg6 23.Rh7 Qe7 24.Qf1 Raa8 25.Qh3 Ne8 26.Nh4 Qxg5 27.Qe6+ 1-0

[Event "26th EUR-ch"]
[Site "Katowice POL"]
[Date "2026.04.19"]
[Round "11.167"]
[White "Bubalovic, Davorin"]
[Black "Baerwinkel, Tobias"]
[Result "1/2-1/2"]
[WhiteElo "2087"]
[BlackElo "2323"]
[EventDate "2026.04.07"]
[PlyCount "142"]

1.e4 e6 2.d4 d5 3.Nc3 Bb4 4.e5 c5 5.a3 Bxc3+ 6.bxc3 Ne7 7.Qg4 Qc7 8.Qxg7 
Rg8 9.Qxh7 cxd4 10.Ne2 Nbc6 11.f4 dxc3 12.Qd3 d4 13.h4 b6 14.Nxd4 Nxd4 15.
Qxd4 Bb7 16.Qd6 Qxd6 17.exd6 Nf5 18.a4 Nd4 19.Kf2 Nxc2 20.Rb1 Nd4 21.Rh3 
Rc8 22.d7+ Kxd7 23.Rd3 Rc4 24.Rb3 c2 25.Rd2 Bd5 26.Bxc4 Rxg2+ 27.Ke3 Rxd2 
28.Bb5+ Nxb5 29.Kxd2 Bxb3 30.axb5 Ba4 31.Bb2 Bxb5 32.Kxc2 Be2 33.Be5 Kc6 
34.Kc3 a5 35.Bf6 Bh5 36.Bd8 Kc5 37.Bc7 Bg6 38.Bd8 Kb5 39.Bc7 Ka6 40.Kc4 
Bh5 41.Bd8 Be2+ 42.Kd4 Kb5 43.Bc7 Bg4 44.Bd8 Kc6 45.Kc4 b5+ 46.Kd4 a4 47.
Be7 Kd7 48.Ba3 f6 49.Kc5 Be2 50.h5 Ke7 51.h6 Kf7 52.h7 Kg7 53.Bb2 a3 54.
h8=Q+ Kxh8 55.Bxf6+ Kh7 56.Kb4 Kg6 57.Be5 a2 58.Ka3 Bc4 59.Kb2 Kf5 60.Bc7 
Ke4 61.Bd6 Kd3 62.Be5 Ke3 63.Bd6 Bd5 64.Be5 Kf3 65.Bd6 Ke3 66.Be5 b4 67.
Bd6 b3 68.Be5 Kd3 69.Bf6 a1=N 70.Kxa1 Kc2 71.Be5 Bc4 1/2-1/2

[Event "26th EUR-ch"]
[Site "Katowice POL"]
[Date "2026.04.19"]
[Round "11.168"]
[White "Odabasi, Ruzgar"]
[Black "Filindash, Nikita"]
[Result "1/2-1/2"]
[WhiteElo "2065"]
[BlackElo "2279"]
[EventDate "2026.04.07"]
[PlyCount "161"]

1.Nf3 d5 2.g3 Nf6 3.Bg2 c5 4.O-O e6 5.d4 cxd4 6.Nxd4 e5 7.Nb3 Be6 8.c4 Nc6
9.cxd5 Nxd5 10.Nc3 Nxc3 11.bxc3 Qc7 12.Be3 Rd8 13.Qb1 b6 14.Qe4 Bd5 15.Qg4
Bxg2 16.Kxg2 Qc8 17.Qxc8 Rxc8 18.a4 Ne7 19.a5 Rxc3 20.axb6 axb6 21.Rfd1 f6
22.Ra8+ Kf7 23.Na1 b5 24.Rd7 b4 25.Rb7 Ra3 26.Rxa3 bxa3 27.Bc5 a2 28.Ra7 
Ke6 29.Rxa2 Nc6 30.Ra8 Ne7 31.Nc2 Ng6 32.Ra6+ Kd5 33.Bxf8 Nxf8 34.Ne3+ Kc5
35.Ra8 Kc6 36.Ra7 Nd7 37.Ra6+ Kb7 38.Re6 Rg8 39.Nd5 h5 40.h3 Rd8 41.Rd6 
Kc8 42.Rc6+ Kb7 43.Rc7+ Kb8 44.e4 g5 45.g4 hxg4 46.hxg4 Nb6 47.Rf7 Nxd5 
48.exd5 Rxd5 49.Rxf6 Kc7 50.Rf5 Kd7 51.Rxg5 Ke6 52.Rf5 Rd3 53.f3 Ra3 54.
Kf2 Rb3 55.Rf8 Ke7 56.Rf5 Ke6 57.Rh5 Rb2+ 58.Kg3 Rb3 59.Rh6+ Kf7 60.Kf2 
Ra3 61.Rb6 Rc3 62.Rb4 Kf6 63.Re4 Ra3 64.Re3 Ra2+ 65.Kg3 Ra1 66.Rb3 Rg1+ 
67.Kf2 Ra1 68.Rb6+ Kf7 69.Ke3 Ra4 70.Rc6 Rb4 71.Ra6 Rc4 72.g5 Rf4 73.Rb6 
Rf5 74.g6+ Kg7 75.Re6 Rf8 76.Ke4 Rf4+ 77.Ke3 Rf8 78.Rb6 Rf5 79.Ra6 Rf4 80.
Re6 Rf8 81.Ke4 1/2-1/2

[Event "26th EUR-ch"]
[Site "Katowice POL"]
[Date "2026.04.19"]
[Round "11.169"]
[White "Gikas, Andreas Basilius"]
[Black "Saraci, Korab"]
[Result "1-0"]
[WhiteElo "2072"]
[BlackElo "2251"]
[EventDate "2026.04.07"]
[PlyCount "139"]

1.e4 c5 2.Nf3 d6 3.d4 cxd4 4.Nxd4 Nf6 5.Nc3 g6 6.Be3 Bg7 7.f3 O-O 8.Qd2 
Nc6 9.g4 d5 10.g5 Nh5 11.exd5 Nb4 12.O-O-O Nxd5 13.Ndb5 e6 14.Nxd5 exd5 
15.Bc4 a6 16.Nc3 d4 17.Bxd4 Bxd4 18.Qxd4 Qxg5+ 19.Kb1 Bf5 20.Nd5 Rfd8 21.
h4 Qh6 22.Ne7+ Kf8 23.Qc5 Rxd1+ 24.Rxd1 Kg7 25.Nxf5+ gxf5 26.Qxf5 Nf6 27.
Rg1+ Kh8 28.h5 Rd8 29.a3 Rg8 30.Rxg8+ Kxg8 31.Qc8+ Kg7 32.Qxb7 Qxh5 33.
Bxa6 Qc5 34.Bd3 h5 35.Qb5 Qg1+ 36.Ka2 h4 37.Bf5 Qg2 38.f4 Ng4 39.Bd7 h3 
40.Qg5+ Kf8 41.Bxg4 h2 42.Bf3 Qxf3 43.Qh6+ Ke7 44.Qxh2 Qd5+ 45.b3 Qd4 46.
Qe2+ Kf6 47.Qh2 Ke6 48.a4 Qe4 49.Qd2 Kf5 50.a5 Qc6 51.Kb2 f6 52.Qd3+ Kg4 
53.a6 Qb6 54.Qc4 f5 55.Qa4 Qa7 56.c3 Qf2+ 57.Ka3 Qc5+ 58.Qb4 Qg1 59.Qc4 
Qb6 60.b4 Kg3 61.Kb3 Kg4 62.b5 Qa5 63.Qa4 Qd8 64.Qd4 Qa5 65.c4 Qe1 66.a7 
Qb1+ 67.Ka3 Qc1+ 68.Kb4 Qe1+ 69.Kc5 Qa5 70.Kc6 1-0

[Event "26th EUR-ch"]
[Site "Katowice POL"]
[Date "2026.04.19"]
[Round "11.170"]
[White "Brozyna, Mateusz"]
[Black "Tashkinova, Sofiia"]
[Result "1-0"]
[WhiteElo "2242"]
[BlackElo "2105"]
[EventDate "2026.04.07"]
[PlyCount "95"]

1.e4 e6 2.d4 d5 3.Nc3 dxe4 4.Nxe4 Nd7 5.Nf3 Ngf6 6.Bd3 Nxe4 7.Bxe4 c5 8.
Bg5 Qa5+ 9.c3 h6 10.Bh4 Qb6 11.Qe2 Nf6 12.Bxf6 gxf6 13.d5 Rg8 14.O-O-O Bd7
15.dxe6 fxe6 16.Ne5 O-O-O 17.Nxd7 Rxd7 18.Rxd7 Kxd7 19.Rd1+ Bd6 20.Qh5 Re8
21.Qxh6 f5 22.Bf3 Qa6 23.Kb1 Kc7 24.h4 Qa4 25.h5 Qh4 26.g3 Qe7 27.Qd2 Rd8 
28.Qc2 Kc8 29.Re1 Qd7 30.g4 Bf4 31.a3 Qb5 32.Rd1 Rxd1+ 33.Qxd1 Qc4 34.gxf5
exf5 35.Bd5 Qa6 36.Qf3 Qd6 37.Bxb7+ Kc7 38.Bd5 Qe5 39.Ka2 Bd2 40.Qd3 Be1 
41.f3 Qf6 42.Qb5 Qb6 43.Qe2 Qd6 44.Bc4 Bh4 45.Qe8 Bf6 46.Qf7+ Kb6 47.Bd5 
a6 48.Qb7+ 1-0

[Event "26th EUR-ch"]
[Site "Katowice POL"]
[Date "2026.04.19"]
[Round "11.171"]
[White "Dubinski, Mateusz"]
[Black "Kulich, Daniel"]
[Result "0-1"]
[WhiteElo "2222"]
[BlackElo "2045"]
[EventDate "2026.04.07"]
[PlyCount "100"]

1.Nf3 Nf6 2.c4 e6 3.Nc3 b6 4.e4 Bb7 5.e5 Ne4 6.Qe2 d5 7.d3 Nxc3 8.bxc3 
dxc4 9.dxc4 c5 10.Ng5 Qc7 11.Bf4 Nc6 12.Rd1 Rd8 13.Rxd8+ Kxd8 14.h4 Kc8 
15.Qe3 h6 16.Nf3 Ne7 17.Bd3 g6 18.Rh3 Bg7 19.Qe2 Rd8 20.g4 Nc6 21.Qe3 Rh8 
22.h5 g5 23.Bh2 Rd8 24.Kd1 Qd7 25.Nd2 Na5 26.Kc2 Qa4+ 27.Kb2 Ba6 28.Qe2 
Rxd3 29.Qxd3 Nxc4+ 30.Nxc4 Bxc4 31.Qc2 Qxa2+ 32.Kc1 Qa1+ 33.Qb1 Qxb1+ 34.
Kxb1 Be2 35.f4 Bxg4 36.Rg3 Bxh5 37.Kb2 g4 38.Rg2 f5 39.c4 Be8 40.Bg3 h5 
41.Bh4 Bh6 42.Rd2 Bd7 43.Bg5 Bxg5 44.fxg5 g3 45.g6 Be8 46.g7 Bf7 47.Kc3 h4
48.Ra2 a5 49.Kd3 h3 50.Ke3 h2 0-1

[Event "26th EUR-ch"]
[Site "Katowice POL"]
[Date "2026.04.19"]
[Round "11.172"]
[White "Korniichuk, Oleksandra"]
[Black "Rudzinska, Michalina"]
[Result "0-1"]
[WhiteElo "2055"]
[BlackElo "2203"]
[EventDate "2026.04.07"]
[PlyCount "118"]

1.e4 c6 2.d4 d5 3.Nd2 dxe4 4.Nxe4 Nf6 5.Nxf6+ exf6 6.Be3 Na6 7.Qd2 Nc7 8.
c4 a5 9.O-O-O Be6 10.Kb1 Be7 11.Bd3 b5 12.Be4 Ra6 13.d5 cxd5 14.cxd5 Bxd5 
15.Bxd5 Rd6 16.Qxa5 O-O 17.Nf3 Nxd5 18.Qxd8 Rfxd8 19.Rde1 Nxe3 20.Rxe3 Bf8
21.Rhe1 b4 22.Re8 R8d7 23.Rc1 Rd8 24.Rxd8 Rxd8 25.Re1 g6 26.Kc2 Kg7 27.Re2
h5 28.Rd2 Rc8+ 29.Kb3 g5 30.Nd4 Kg6 31.Nc2 Rb8 32.f3 g4 33.fxg4 hxg4 34.
Rd4 f5 35.Nxb4 Kg5 36.g3 Bc5 37.Rc4 Bg1 38.Rc2 Rh8 39.a4 Bxh2 40.Rg2 Rh3 
41.Nd3 Rxg3 42.Rxg3 Bxg3 43.Kc2 Bb8 44.Kd1 f4 45.Ke1 f3 46.Kf1 g3 47.Ne1 
Kg4 48.b4 g2+ 49.Nxg2 fxg2+ 50.Kxg2 Bd6 51.b5 Bc7 52.Kf2 f5 53.Kg2 f4 54.
Kf2 Bb6+ 55.Kg2 f3+ 56.Kf1 Kg3 57.a5 Bxa5 58.Kg1 f2+ 59.Kf1 Bb6 0-1

[Event "26th EUR-ch"]
[Site "Katowice POL"]
[Date "2026.04.19"]
[Round "11.173"]
[White "Omarsson, Josef"]
[Black "Starosta, Martyna"]
[Result "1/2-1/2"]
[WhiteElo "2044"]
[BlackElo "2199"]
[EventDate "2026.04.07"]
[PlyCount "65"]

1.Nf3 Nf6 2.d4 e6 3.c4 Bb4+ 4.Bd2 c5 5.Bxb4 cxb4 6.Nbd2 O-O 7.e4 d6 8.Bd3 
Nbd7 9.O-O e5 10.c5 dxc5 11.dxe5 Ng4 12.e6 fxe6 13.Bc4 Nde5 14.Qb3 Qf6 15.
Rad1 a6 16.h3 b5 17.Be2 Nxf3+ 18.Nxf3 Ne5 19.Qe3 Nxf3+ 20.Bxf3 Qxb2 21.
Qxc5 Qc3 22.Qd6 Ra7 23.Rc1 Qf6 24.Qb8 Rb7 25.Qa8 Qd8 26.Bg4 Re7 27.Rfd1 
Qe8 28.Rd6 Qf7 29.Rxc8 Qxf2+ 30.Kh2 Qf4+ 31.Kh1 Qf1+ 32.Kh2 Qf4+ 33.Kh1 
1/2-1/2

[Event "26th EUR-ch"]
[Site "Katowice POL"]
[Date "2026.04.19"]
[Round "11.174"]
[White "Lasok, Marek"]
[Black "Sliwicki, Damian"]
[Result "0-1"]
[WhiteElo "2009"]
[BlackElo "2176"]
[EventDate "2026.04.07"]
[PlyCount "147"]

1.e4 c5 2.Nf3 g6 3.d4 cxd4 4.Nxd4 Nc6 5.c4 Nf6 6.Nc3 d6 7.Be2 Nxd4 8.Qxd4 
Bg7 9.Be3 O-O 10.Qd3 Qa5 11.Bd4 Bd7 12.O-O Bc6 13.f4 Rad8 14.Rab1 Nd7 15.
Bxg7 Kxg7 16.b4 Qb6+ 17.Kh1 e6 18.b5 Nc5 19.Qd4+ e5 20.fxe5 Nxe4 21.Qxb6 
axb6 22.Na4 Bd7 23.exd6 Nd2 24.Rbd1 Nxf1 25.Bxf1 Bg4 26.Rd4 Rfe8 27.Rxg4 
Rxd6 28.Rf4 Re1 29.Rf2 Rc1 30.g3 f5 31.h3 Kf6 32.Kh2 Ke7 33.Nb2 Rxf1 34.
Rxf1 Rd2+ 35.Kg1 Rxb2 36.Rd1 Rxa2 37.h4 Rc2 38.Rd4 Re2 39.Rd5 Re4 40.c5 
bxc5 41.Rxc5 Kd6 42.Rc8 Kd7 43.Rf8 Kd6 44.b6 Kd7 45.Kf2 Re7 46.Kf3 Kc6 47.
Rf6+ Kd5 48.Kf4 Re4+ 49.Kg5 Rg4+ 50.Kh6 Rxg3 51.Kxh7 Rg4 52.Kh6 Kc5 53.Kg7
f4 54.Kf7 Rxh4 55.Kxg6 f3 56.Kf5 Rb4 57.Ke5 Rxb6 58.Rxf3 Rb1 59.Rc3+ Kb4 
60.Rc7 b5 61.Kd4 Rd1+ 62.Ke3 Kb3 63.Ke2 Rd8 64.Rb7 b4 65.Rb6 Kc3 66.Rc6+ 
Kb2 67.Rb6 b3 68.Rb7 Kc2 69.Ke3 Rc8 70.Rh7 b2 71.Rh2+ Kb3 72.Rh1 Ka2 73.
Rh2 Ka1 74.Kd4 0-1

[Event "26th EUR-ch"]
[Site "Katowice POL"]
[Date "2026.04.19"]
[Round "11.175"]
[White "Zawisza, Alan"]
[Black "Latzke, Boris"]
[Result "1-0"]
[WhiteElo "2007"]
[BlackElo "2173"]
[EventDate "2026.04.07"]
[PlyCount "127"]

1.e4 e5 2.Nf3 Nc6 3.Bb5 a6 4.Ba4 Nf6 5.O-O Be7 6.Re1 b5 7.Bb3 d6 8.c3 O-O 
9.h3 Nb8 10.d4 Nbd7 11.c4 Bb7 12.Nc3 c6 13.Qc2 b4 14.Ne2 exd4 15.Nexd4 c5 
16.Nf5 Re8 17.Bf4 Bf8 18.Ng3 Ne5 19.Nxe5 dxe5 20.Bg5 h6 21.Rad1 Qb6 22.Be3
Red8 23.f3 g6 24.Qf2 a5 25.Bc2 Ba6 26.b3 Bb7 27.f4 exf4 28.Bxf4 Rxd1 29.
Rxd1 Rd8 30.Rf1 Qe6 31.Be3 Nd7 32.Ne2 Ne5 33.Nf4 Qc8 34.Nd3 Nxd3 35.Qxf7+ 
Kh8 36.Bxd3 Rxd3 37.Qxf8+ Qxf8 38.Rxf8+ Kg7 39.Bxc5 Bxe4 40.Rf2 Rd1+ 41.
Kh2 Rd8 42.Kg3 Rd3+ 43.Kf4 Bc6 44.Ke5 g5 45.Bd4 Bb7 46.c5 Rd1 47.Rc2 Kf7 
48.c6 Re1+ 49.Kd6 Re6+ 50.Kd7 Re7+ 51.Kd6 Re6+ 52.Kd5 Bc8 53.Rf2+ Kg8 54.
Bb6 g4 55.Bxa5 gxh3 56.gxh3 Rg6 57.h4 Rg4 58.Bd8 Kg7 59.Kd6 Kg6 60.Kc7 Bf5
61.h5+ Kxh5 62.Rxf5+ Kg6 63.Rf6+ Kg7 64.Kb7 1-0

[Event "26th EUR-ch"]
[Site "Katowice POL"]
[Date "2026.04.19"]
[Round "11.176"]
[White "Kulich, Filip"]
[Black "Stan, Andrei-Mihaita"]
[Result "1/2-1/2"]
[WhiteElo "2171"]
[BlackElo "2038"]
[EventDate "2026.04.07"]
[PlyCount "132"]

1.e4 c5 2.Nf3 a6 3.c3 e6 4.d4 d5 5.e5 Bd7 6.Bd3 Nc6 7.O-O cxd4 8.cxd4 Qb6 
9.Bc2 Nb4 10.Bb3 Bb5 11.Re1 Nd3 12.Re3 Nxc1 13.Qxc1 Ne7 14.Nc3 Rc8 15.Re1 
Nc6 16.Qf4 Be7 17.Rad1 Nb4 18.Re3 O-O 19.h4 Bc4 20.Nh2 Bxb3 21.axb3 f5 22.
exf6 Rxf6 23.Qg4 Rcf8 24.Rde1 Bd6 25.Rxe6 Rf4 26.Qg3 Nc2 27.Nxd5 Qd8 28.
Nxf4 Nxe1 29.Rxe1 Bxf4 30.Qg4 Qxd4 31.Qe6+ Kh8 32.Nf3 Qd8 33.Qe7 Qc8 34.
Nd4 Rg8 35.g3 Bd2 36.Rd1 Re8 37.Qf7 Bc1 38.Kg2 Bxb2 39.Nf3 Rf8 40.Qd5 Bf6 
41.Re1 b5 42.Re6 Qa8 43.Qd3 Qb7 44.h5 h6 45.Kg1 a5 46.Re3 a4 47.bxa4 bxa4 
48.Qf5 Ra8 49.Qc5 Qc8 50.Qa3 Qf5 51.Qd6 Qb5 52.Kg2 Rd8 53.Qc7 Ra8 54.Qd6 
Rd8 55.Qc7 Qa6 56.Qf7 Qa8 57.Qa2 Qa7 58.Qa3 Qd7 59.Re4 Ra8 60.Nh4 Bxh4 61.
Rxh4 Qd5+ 62.Kh2 Qf5 63.Kg1 Qb1+ 64.Kh2 Qb5 65.Kg2 Qd5+ 66.Kh2 Qf5 1/2-1/2

[Event "26th EUR-ch"]
[Site "Katowice POL"]
[Date "2026.04.19"]
[Round "11.177"]
[White "Pavlidou, Ekaterini"]
[Black "Dovbysh, Timur"]
[Result "0-1"]
[WhiteElo "2166"]
[BlackElo "1984"]
[EventDate "2026.04.07"]
[PlyCount "86"]

1.d4 d5 2.Nc3 Nf6 3.Bf4 c5 4.e3 cxd4 5.exd4 a6 6.Nf3 Nc6 7.h3 Bf5 8.a3 h6 
9.Bd3 Bxd3 10.Qxd3 e6 11.g4 Bd6 12.Be3 b5 13.g5 hxg5 14.Bxg5 Qa5 15.Ke2 
Qc7 16.Kf1 Ne7 17.Nd2 Rh5 18.Bxf6 gxf6 19.a4 b4 20.Ne2 e5 21.c4 bxc3 22.
Nxc3 e4 23.Qe2 Rh4 24.Re1 Qd7 25.Ncxe4 dxe4 26.Nxe4 Kf8 27.Qf3 Qc6 28.Qg2 
Rb8 29.Rg1 Ng6 30.f3 Bb4 31.Qg3 Re8 32.Re2 f5 33.Nc3 Qc4 34.Rg2 Bxc3 35.
Qd6+ Kg7 36.bxc3 Rxe2 37.Rxe2 Nf4 38.Qe5+ Kg6 39.Qd6+ Kh5 40.Qe7 Qxe2+ 41.
Qxe2 Nxe2 42.Kxe2 Kg5 43.c4 Rxd4 0-1

[Event "26th EUR-ch"]
[Site "Katowice POL"]
[Date "2026.04.19"]
[Round "11.178"]
[White "Varney, Zoe"]
[Black "Chojnacki, Slawomir"]
[Result "1-0"]
[WhiteElo "1988"]
[BlackElo "2166"]
[EventDate "2026.04.07"]
[PlyCount "81"]

1.e4 c6 2.d4 d5 3.e5 Bf5 4.h4 h6 5.g4 Be4 6.f3 Bh7 7.Bd3 Bxd3 8.Qxd3 e6 9.
h5 Nd7 10.f4 Qb6 11.Ne2 Ne7 12.Nd2 c5 13.c3 O-O-O 14.a3 f5 15.g5 g6 16.Nf3
Bg7 17.Ng3 Rdg8 18.b4 cxb4 19.axb4 Kb8 20.b5 hxg5 21.Nxg5 Bh6 22.Ba3 Nc8 
23.Bb4 Qd8 24.Nf7 Qe8 25.Nd6 Qd8 26.Nf7 Qe8 27.Nxh8 Rxh8 28.hxg6 Bxf4 29.
Kf2 Rg8 30.Nh5 Bg5 31.g7 Be7 32.Bxe7 Qxe7 33.Qg3 Ka8 34.Rag1 a5 35.bxa6 
Qa3 36.axb7+ Kxb7 37.Qd3 Kc6 38.Rb1 Ncb6 39.Qb5+ Kc7 40.Nf6 Rxg7 41.Ne8+ 
1-0

[Event "26th EUR-ch"]
[Site "Katowice POL"]
[Date "2026.04.19"]
[Round "11.179"]
[White "Bittner, Titus"]
[Black "Smolinski, Wojciech"]
[Result "0-1"]
[WhiteElo "2162"]
[BlackElo "1989"]
[EventDate "2026.04.07"]
[PlyCount "138"]

1.e4 c5 2.c3 d5 3.exd5 Qxd5 4.d4 Nf6 5.Nf3 e6 6.Na3 Nc6 7.Be3 cxd4 8.Nb5 
Qd7 9.Nbxd4 Be7 10.Bd3 O-O 11.Qc2 Qc7 12.O-O-O h6 13.Nxc6 Qxc6 14.c4 Qc7 
15.h3 b6 16.Nd4 Bc5 17.Kb1 Bb7 18.Rhg1 Rfd8 19.Nb5 Qe7 20.Bxc5 Qxc5 21.Nc3
Rac8 22.g4 Qg5 23.Ka1 Qf4 24.b3 a6 25.Kb2 Rd6 26.Ne2 Qe5+ 27.Qc3 Qc5 28.f4
Ne4 29.Bxe4 Bxe4 30.Rxd6 Qxd6 31.g5 h5 32.Qd4 Qc6 33.Rd1 Bf5 34.h4 b5 35.
Rc1 Qg2 36.Qd2 bxc4 37.bxc4 Bg4 38.Rc2 Bf5 39.Rc3 Bg4 40.Re3 Qb7+ 41.Ka3 
Qb6 42.Rb3 Qc5+ 43.Kb2 Qxc4 44.Nc1 Bf5 45.Rc3 Qb4+ 46.Nb3 Rxc3 47.Qxc3 
Qxf4 48.Qc8+ Kh7 49.Qxa6 e5 50.Qe2 e4 51.Qxh5+ Kg8 52.Qd1 Qf2+ 53.Kc3 Qxa2
54.Qd8+ Kh7 55.Qd5 Qf2 56.Qxf7 Qg3+ 57.Kd4 Bg6 58.Qc4 Qf2+ 59.Kc3 e3 60.
Nd4 Qd2+ 61.Kb3 Qd1+ 62.Kc3 Qa1+ 63.Kb3 Qb1+ 64.Kc3 Qe4 65.Ne2 Qc2+ 66.Kb4
Qd2+ 67.Nc3 Bd3 68.Qc8 e2 69.Qg4 e1=Q 0-1

[Event "26th EUR-ch"]
[Site "Katowice POL"]
[Date "2026.04.19"]
[Round "11.180"]
[White "Uzun, Kuzey"]
[Black "Wacior, Maciej"]
[Result "1-0"]
[WhiteElo "1982"]
[BlackElo "2160"]
[EventDate "2026.04.07"]
[PlyCount "123"]

1.e4 c6 2.d4 d5 3.Nc3 dxe4 4.Nxe4 Bf5 5.Ng3 Bg6 6.h4 h6 7.Nf3 Nd7 8.h5 Bh7
9.Bd3 Bxd3 10.Qxd3 e6 11.Bd2 Ngf6 12.O-O-O Qb6 13.Ne5 Qb5 14.Nxd7 Kxd7 15.
c4 Qa6 16.Kb1 Rd8 17.f3 Kc8 18.Be3 Be7 19.Qc2 Rd7 20.Rd3 Rhd8 21.Rhd1 Qa5 
22.Bf4 c5 23.d5 exd5 24.Nf5 d4 25.Ra3 Qb6 26.Re1 Bf8 27.g4 Re8 28.Rxe8+ 
Nxe8 29.Qe4 Nd6 30.Qe5 Qxb2+ 31.Kxb2 Nxc4+ 32.Kc2 Nxe5 33.Bxe5 b6 34.Bxg7 
Bxg7 35.Nxg7 Kb7 36.f4 c4 37.Nf5 d3+ 38.Kd1 b5 39.Rc3 Kc6 40.g5 hxg5 41.
fxg5 Kd5 42.g6 fxg6 43.hxg6 Ke6 44.g7 Kf7 45.Ra3 b4 46.Ra4 c3 47.Rxb4 c2+ 
48.Kd2 Rc7 49.Rc4 Rxc4 50.Nd6+ Kxg7 51.Nxc4 Kf6 52.Nb2 Ke6 53.Nxd3 Kd5 54.
Kxc2 Kc4 55.a3 Kb5 56.Kb3 Ka5 57.a4 Ka6 58.Kb4 Kb6 59.a5+ Kb7 60.Kb5 Kb8 
61.Ka6 Ka8 62.Nc1 1-0

[Event "26th EUR-ch"]
[Site "Katowice POL"]
[Date "2026.04.19"]
[Round "11.181"]
[White "Smolin, Sergey"]
[Black "Elci, Eren"]
[Result "1/2-1/2"]
[WhiteElo "1962"]
[BlackElo "2158"]
[EventDate "2026.04.07"]
[PlyCount "37"]

1.Nf3 c5 2.g3 Nc6 3.Bg2 g6 4.O-O Bg7 5.e4 e5 6.d3 Nge7 7.Be3 d6 8.c3 O-O 
9.d4 cxd4 10.cxd4 d5 11.Nxe5 Nxe5 12.dxe5 Bxe5 13.Bd4 Bxd4 14.Qxd4 dxe4 
15.Qxe4 Nc6 16.Nc3 Be6 17.Rfd1 Qb6 18.b3 Rad8 19.Qh4 1/2-1/2

[Event "26th EUR-ch"]
[Site "Katowice POL"]
[Date "2026.04.19"]
[Round "11.182"]
[White "Zadrapova, Amalie"]
[Black "Kulpa, Zuzanna"]
[Result "1/2-1/2"]
[WhiteElo "2140"]
[BlackElo "1979"]
[EventDate "2026.04.07"]
[PlyCount "118"]

1.c4 c5 2.g3 Nf6 3.Bg2 d5 4.cxd5 Nxd5 5.Nc3 Nc7 6.d3 e5 7.Be3 Be7 8.Rc1 
O-O 9.b3 Ne6 10.Na4 Nd7 11.Nh3 Rb8 12.O-O b6 13.f4 Nf6 14.Nc3 Ng4 15.Bd2 
exf4 16.gxf4 Bb7 17.Bf3 Bxf3 18.Rxf3 Nd4 19.Rg3 h5 20.e4 Bh4 21.Rg2 f5 22.
Kh1 Nc6 23.Nd5 Ne7 24.Nxe7+ Qxe7 25.Qf3 Qb7 26.Be1 Bf6 27.Ng1 Bd4 28.e5 
Qxf3 29.Nxf3 Be3 30.Bd2 Nf2+ 31.Rxf2 Bxf2 32.Kg2 Bd4 33.Ng5 Rfe8 34.Kf3 
Rbd8 35.Rd1 a5 36.a4 Kf8 37.Be1 Rb8 38.Ke2 Rb7 39.Nf3 Kf7 40.Nd2 Re6 41.
Nc4 Rd7 42.Bh4 Rg6 43.Bg5 Ke6 44.Kd2 Kd5 45.Kc2 Kc6 46.Re1 Re6 47.Na3 g6 
48.Re2 Rh7 49.Bh4 Rg7 50.Bg5 h4 51.h3 Rh7 52.Kd2 Rh5 53.Rg2 Rh7 54.Bf6 Rh6
55.Bg5 Rh7 56.Nb5 Kd7 57.Na3 Kc6 58.Bf6 Rh6 59.Bg5 Rh7 1/2-1/2

[Event "26th EUR-ch"]
[Site "Katowice POL"]
[Date "2026.04.19"]
[Round "11.184"]
[White "Pietruszewski, Marcin"]
[Black "Chmiel, Dominika"]
[Result "1/2-1/2"]
[WhiteElo "2127"]
[BlackElo "1932"]
[EventDate "2026.04.07"]
[PlyCount "36"]

1.d4 Nf6 2.c4 g6 3.Nf3 Bg7 4.g3 O-O 5.Bg2 c6 6.Nc3 d5 7.cxd5 cxd5 8.Ne5 e6
9.O-O Nfd7 10.Nf3 Nc6 11.Bf4 Nb6 12.Nb5 a6 13.Bc7 Qd7 14.Bxb6 axb5 15.Qd3 
b4 16.e3 Re8 17.Rfc1 Ra6 18.Qb5 Nxd4 1/2-1/2

[Event "26th EUR-ch"]
[Site "Katowice POL"]
[Date "2026.04.19"]
[Round "11.185"]
[White "Namyslak, Piotr"]
[Black "Atienza Alvarez, Javier"]
[Result "1/2-1/2"]
[WhiteElo "1953"]
[BlackElo "2127"]
[EventDate "2026.04.07"]
[PlyCount "85"]

1.Nf3 d5 2.g3 Nf6 3.Bg2 Bf5 4.O-O e6 5.c4 c6 6.b3 h6 7.Bb2 Be7 8.d3 O-O 9.
Qc2 Bh7 10.Nbd2 a5 11.a3 Nbd7 12.Rfe1 Qb6 13.Qc3 Rfd8 14.g4 c5 15.g5 d4 
16.Qc1 Ng4 17.h3 Nge5 18.gxh6 gxh6 19.Kh1 Kh8 20.Nxe5 Nxe5 21.Ne4 f5 22.
Qxh6 Rg8 23.Ng3 Bg5 24.Qh5 Raf8 25.Bc1 Qd8 26.Rg1 Bxc1 27.Raxc1 Rg5 28.Qh4
Ng6 29.Qh6 Nf4 30.Ne4 Rh5 31.Qxf4 fxe4 32.Qh2 Rxf2 33.Rcf1 Rxe2 34.Qg3 Qg5
35.Bxe4 Qxg3 36.Rxg3 Bxe4+ 37.dxe4 Rh4 38.Rf8+ Kh7 39.Rf7+ Kh6 40.Rf6+ Kh7
41.Rf7+ Kh6 42.Rf6+ Kh7 43.Rf7+ 1/2-1/2

[Event "26th EUR-ch"]
[Site "Katowice POL"]
[Date "2026.04.19"]
[Round "11.186"]
[White "Chmiel, Pawel"]
[Black "Tudoroiu, Razvan-Catalin"]
[Result "0-1"]
[WhiteElo "1949"]
[BlackElo "2121"]
[EventDate "2026.04.07"]
[PlyCount "102"]

1.e4 e6 2.d3 c5 3.Nf3 Nc6 4.Nbd2 g6 5.g3 Bg7 6.Bg2 Nge7 7.O-O O-O 8.c3 e5 
9.Qc2 d6 10.Nc4 h6 11.a4 Be6 12.Ne3 Rb8 13.Nd2 Qd7 14.f4 f5 15.Ndc4 exf4 
16.gxf4 d5 17.exd5 Nxd5 18.Nxd5 Bxd5 19.Bxd5+ Qxd5 20.Be3 Kh7 21.Rad1 b6 
22.Qg2 Rbd8 23.Qg3 Rfe8 24.Rfe1 Re6 25.Bf2 Rxe1+ 26.Rxe1 Rd7 27.Qg2 Ne7 
28.Ne5 Bxe5 29.Qxd5 Rxd5 30.Rxe5 Rxe5 31.fxe5 Kg7 32.d4 c4 33.h4 g5 34.
hxg5 hxg5 35.Kg2 Kg6 36.Kf3 Nd5 37.Be1 g4+ 38.Kg3 Kg5 39.Bd2+ f4+ 40.Kf2 
Kf5 41.Bc1 Ke4 42.Kg2 Ne7 43.Kf2 Nf5 44.Bd2 g3+ 45.Kf1 Kf3 46.Kg1 g2 47.e6
Ng3 48.Bxf4 Ne2+ 49.Kh2 g1=Q+ 50.Kh3 Qg4+ 51.Kh2 Qg2# 0-1

[Event "26th EUR-ch"]
[Site "Katowice POL"]
[Date "2026.04.19"]
[Round "11.187"]
[White "Zeissel, Andrzej"]
[Black "Kasperczyk, Szymon"]
[Result "1-0"]
[WhiteElo "2117"]
[BlackElo "1910"]
[EventDate "2026.04.07"]
[PlyCount "57"]

1.e4 e5 2.Nf3 Nf6 3.d4 Nxe4 4.Bd3 d5 5.Nxe5 Nd6 6.O-O Be6 7.Re1 Nd7 8.Nc3 
Nxe5 9.Rxe5 c6 10.Qh5 Qd7 11.Bg5 Be7 12.Rae1 O-O-O 13.Bxe7 Qxe7 14.Na4 b6 
15.b3 g6 16.Qe2 Qh4 17.Qd2 Kc7 18.Qe3 Rhe8 19.c3 Bd7 20.g3 Qf6 21.c4 dxc4 
22.bxc4 Nf5 23.Qf4 Rxe5 24.dxe5 Qe6 25.c5 b5 26.Qb4 Bc8 27.Qa5+ Kd7 28.
Bxf5 gxf5 29.Rd1+ 1-0

[Event "26th EUR-ch"]
[Site "Katowice POL"]
[Date "2026.04.19"]
[Round "11.188"]
[White "Hury, Tymoteusz"]
[Black "Olbrycht, Hubert"]
[Result "1-0"]
[WhiteElo "2115"]
[BlackElo "1940"]
[EventDate "2026.04.07"]
[PlyCount "83"]

1.e4 c5 2.Nf3 d6 3.d4 cxd4 4.Nxd4 Nf6 5.Nc3 Nc6 6.Nd5 e6 7.Nxf6+ Qxf6 8.
Nb5 Qd8 9.c4 a6 10.Nc3 Be7 11.Be2 O-O 12.O-O Qc7 13.Be3 Ne5 14.Qb3 Nd7 15.
Rac1 b6 16.f3 Bb7 17.Qd1 Rac8 18.b4 Qb8 19.Qb3 Bd8 20.Rfd1 Bc7 21.h3 Rfe8 
22.Bf1 Nf6 23.Bf2 Rcd8 24.a4 Qa8 25.Rc2 h6 26.Rcd2 Kh8 27.Bh4 g5 28.Bf2 
Rg8 29.Bd4 Rg6 30.Ne2 Kh7 31.Qe3 Nd7 32.Qf2 Kg8 33.Nc3 h5 34.Bd3 Kf8 35.e5
Rg8 36.exd6 Bxd6 37.Bh7 Bxb4 38.Bxg8 Kxg8 39.Bxb6 Bxc3 40.Bxd8 Ne5 41.Bxg5
Bxd2 42.Rxd2 1-0

[Event "26th EUR-ch"]
[Site "Katowice POL"]
[Date "2026.04.19"]
[Round "11.189"]
[White "Zelak, Wladyslaw"]
[Black "Bochniak, Franciszek"]
[Result "0-1"]
[WhiteElo "1867"]
[BlackElo "2107"]
[EventDate "2026.04.07"]
[PlyCount "80"]

1.d4 Nf6 2.c4 e6 3.Nc3 d5 4.cxd5 Nxd5 5.e4 Nxc3 6.bxc3 Be7 7.Nf3 b6 8.Bd3 
Bb7 9.O-O O-O 10.c4 Nc6 11.Bb2 Bf6 12.e5 Be7 13.Qe2 Qd7 14.Rad1 Na5 15.Qc2
g6 16.Nd2 Nc6 17.Be4 Rfd8 18.Kh1 Rab8 19.Nf3 Nb4 20.Qb1 Bxe4 21.Qxe4 Qc6 
22.Qe2 Nxa2 23.Ra1 Nb4 24.Rxa7 Ra8 25.Rfa1 Rxa7 26.Rxa7 Ra8 27.Rxa8+ Qxa8 
28.h3 Qa2 29.Kh2 Nc6 30.Qe4 Qxc4 31.Nd2 Qd5 32.Qe3 Qd7 33.Ne4 Nb4 34.g4 
Nd5 35.Qh6 Qb5 36.Qd2 Qb3 37.Kg2 b5 38.g5 b4 39.Nf6+ Kh8 40.Qe2 Nf4+ 0-1